Pays les plus proches du Qatar - une minute sprint - Statistiques

Statistiques générales
  • Ce quiz a été pris 158 fois
  • Le résultat moyen est 13 sur 20
Statistiques - réponses
km pays % Correct
0 Arabie Saoudite
100%
618 Yémen
95%
493 Irak
94%
187 Iran
94%
420 Oman
91%
31 Émirats arabes unis
88%
1 Bahreïn
83%
379 Koweït
82%
1340 Syrie
81%
1371 Jordanie
74%
1020 Afghanistan
70%
1620 Israël
70%
1005 Pakistan
68%
1370 Turquie
64%
1378 Somalie
44%
1555 Djibouti
33%
1473 Érythrée
32%
1426 Turkménistan
29%
1382 Azerbaïdjan
27%
1460 Soudan
27%
Aucun quiz correspondant
Distribution des résultats
% des personnes avec chaque résultat
Percentile par nombre de réponses
Votre historique - résultats
Vous n’avez pas pris ce quiz